000 00543nam a22001817a 4500
005 20241003055254.0
008 241003b |||||||| |||| 00| 0 eng d
020 _a9781776320790
041 _aEnglish
082 _a346.3 BUR
100 _lEnglish
245 _aProtection of Personal Information: Law and Practice /
_cY Burns and A Burger-Smidt
250 _a2nd Edition
260 _axli, 868 pages;
_b26 cm.
300 _bxli, 868 pages;
_c25 cm.
650 _aLegal practice
_bLaw
942 _cBK
_6ALISON_BN_VRIES
999 _c3203
_d3203